Návrh nástrojov a metód zlepšovania manažérstva kvality v Geocomplex, a.s. Bratislava = Design of tools and methods for quality management improvement in Geocomplex, a.s. Bratislava : Diplomová práca

Guardado en:
Detalles Bibliográficos
Autor principal: Kanka, Stanislav (Autor)
Otros Autores: Paulová, Iveta (xxx)
Formato: Manuscrito Libro
Lenguaje:eslovaco
Publicado: Trnava : STU v Bratislave MtF KIK, 2007
Materias:
Etiquetas: Agregar Etiqueta
Sin Etiquetas, Sea el primero en etiquetar este registro!

MARC

LEADER 00000ntm a22000003a 4500
001 stu143861
005 20160719155753.5
008 070806s2007----xo------------------slo-d
040 |a STU  |b slo 
041 0 |a slo 
044 |a xo 
100 1 |a Kanka, Stanislav  |4 aut 
245 1 |a Návrh nástrojov a metód zlepšovania manažérstva kvality v Geocomplex, a.s. Bratislava = Design of tools and methods for quality management improvement in Geocomplex, a.s. Bratislava :  |b Diplomová práca 
260 |a Trnava :  |b STU v Bratislave MtF KIK,  |c 2007 
300 |a 73 s  |c 1 CD-ROM 
500 |a Program: inžinierstvo kvality produkcie 
650 7 |a systém manažérstva kvality  |2 stusub 
650 7 |a nástroje kvality  |2 stusub 
700 1 |a Paulová, Iveta  |4 xxx  |u M300  |U MTF Ústav priemyselného inžinierstva a manažmentu  |T MTF Katedra inžinierstva kvality  |U M300  |Y M300 
996 |b 284M076821  |c M*DP-6783  |l MMSKP  |s P  |a 0  |w stu143861_0001